[Event "Vecindario Montalvo Memorial 16th"]
[Site "Vecindario"]
[Date "2024.03.31"]
[Round "9"]
[White "Kurajica, Bojan"]
[Black "Lizzul, Coppe Mirko"]
[Result "1-0"]
[WhiteElo "2444"]
[BlackElo "2027"]
[PlyCount "113"]
[EventDate "2024.03.23"]
[EventType "swiss"]
[EventRounds "9"]
[EventCountry "ESP"]
[SourceTitle "CB15_2024"]
[SourceDate "2024.04.10"]
[SourceVersion "1"]
[SourceVersionDate "2024.04.10"]
[SourceQuality "1"]

1. d4 Nf6 2. Nf3 g6 3. g3 Bg7 4. Bg2 d5 5. c4 c6 6. Qb3 0-0 7. 0-0 Ne4 8. Nc3 Qb6 9. cxd5 Nxc3 10. bxc3 Qxb3 11. axb3 cxd5 12. Ne5 Nc6 13. Nxc6 bxc6 14. Ba3 Bf5 15. Bc5 a5 16. Ra3 Rfb8 17. Rfa1 Bc2 18. Rxa5 Rxa5 19. Rxa5 Bxb3 20. Bxe7 Bc4 21. Bf3 h5 22. Ra1 Rb3 23. Rc1 f5 24. e3 Kf7 25. Bb4 Rb2 26. h3 Bd3 27. g4 hxg4 28. hxg4 Rb1 29. Rxb1 Bxb1 30. gxf5 Bxf5 31. Be2 Bh6 32. Ba6 Ke8 33. Kf1 Kd7 34. Ke2 Bg5 35. f3 Be6 36. Bd3 Bf7 37. Bf8 Ke8 38. Bg7 Kd7 39. Be5 Bh6 40. e4 Bc1 41. Ba6 Ba3 42. Kd3 c5 43. Bb5+ Ke7 44. Bc6 dxe4+ 45. fxe4 cxd4 46. cxd4 Bb4 47. d5 Bc5 48. Bf4 Ba3 49. e5 Kd8 50. e6 Bg8 51. Ke4 Be7 52. Bd7 g5 53. Be5 Bh7+ 54. Kd4 g4 55. d6 Bh4 56. Kd5 Bg8 57. Bd4 1-0

[Event "Vecindario Montalvo Memorial 16th"]
[Site "Vecindario"]
[Date "2024.03.30"]
[Round "8"]
[White "Lizzul, Coppe Mirko"]
[Black "Marrero Cardenes, Agustin"]
[Result "1-0"]
[WhiteElo "2027"]
[BlackElo "2093"]
[PlyCount "100"]
[EventDate "2024.03.23"]
[EventType "swiss"]
[EventRounds "9"]
[EventCountry "ESP"]
[SourceTitle "CB15_2024"]
[SourceDate "2024.04.10"]
[SourceVersion "1"]
[SourceVersionDate "2024.04.10"]
[SourceQuality "1"]

1. d4 Nf6 2. Nf3 g6 3. e3 Bg7 4. Bd3 0-0 5. 0-0 d6 6. b3 Nc6 7. Bb2 e5 8. dxe5 Ng4 9. h3 Ngxe5 10. Nxe5 Nxe5 11. Nc3 Nxd3 12. cxd3 d5 13. Qc2 d4 14. Ne4 c6 15. Ba3 Re8 16. Nd6 Bf8 17. Nc4 Bxa3 18. Nxa3 dxe3 19. fxe3 Qg5 20. Nc4 Bxh3 21. Qf2 f5 22. Qf3 Bg4 23. Qg3 Qe7 24. Rae1 b5 25. Nd6 Red8 26. Nxf5 gxf5 27. Rxf5 Qg7 28. Rf4 h5 29. Ref1 Rf8 30. Rxf8+ Rxf8 31. Rxf8+ Qxf8 32. Qe5 Qd8 33. Qe4 Qd6 34. Qe8+ Kg7 35. e4 Qd7 36. Qe5+ Kg6 37. d4 Qe6 38. Qf4 Qe7 39. Kh2 Qf6 40. Qe3 Qg5 41. Qe1 Qf4+ 42. Kg1 Be6 43. Qe2 h4 44. Qd3 Qg3 45. Qe2 h3 46. d5 cxd5 47. exd5 Bxd5 48. Qe8+ Bf7 49. Qe4+ Kh6 50. Qc6+ Kg7 1-0

[Event "Vecindario Montalvo Memorial 16th"]
[Site "Vecindario"]
[Date "2024.03.26"]
[Round "4"]
[White "Lizzul, Coppe Mirko"]
[Black "Sanchez Arencibia, Heriberto"]
[Result "1-0"]
[WhiteElo "2027"]
[BlackElo "1636"]
[PlyCount "67"]
[EventDate "2024.03.23"]
[EventType "swiss"]
[EventRounds "9"]
[EventCountry "ESP"]
[SourceTitle "CB15_2024"]
[SourceDate "2024.04.10"]
[SourceVersion "1"]
[SourceVersionDate "2024.04.10"]
[SourceQuality "1"]

1. e4 e6 2. d4 d5 3. Bd3 c5 4. exd5 exd5 5. Nf3 Nf6 6. 0-0 c4 7. Re1+ Be7 8. Bf1 0-0 9. h3 Nc6 10. b3 b5 11. a4 cxb3 12. axb5 bxc2 13. Qxc2 Nb4 14. Qb3 Bf5 15. Na3 a5 16. bxa6 Nxa6 17. Bxa6 Rxa6 18. Qb7 Re6 19. Re5 Rxe5 20. Nxe5 Bxa3 21. Bxa3 Qc8 22. Qe7 Qe8 23. Qxf8+ Qxf8 24. Bxf8 Kxf8 25. Ra8+ Ne8 26. g4 Be6 27. f4 f6 28. Nd3 Bf7 29. Kf2 g6 30. Nc5 Kg7 31. Ne6+ Kg8 32. Nc7 Kf8 33. Nxe8 Bxe8 34. Rd8 1-0

[Event "Vecindario Montalvo Memorial 16th"]
[Site "Vecindario"]
[Date "2024.03.25"]
[Round "3"]
[White "Perez Betancor, Jose Luis"]
[Black "Lizzul, Coppe Mirko"]
[Result "1-0"]
[WhiteElo "1765"]
[BlackElo "2027"]
[PlyCount "69"]
[EventDate "2024.03.23"]
[EventType "swiss"]
[EventRounds "9"]
[EventCountry "ESP"]
[SourceTitle "CB15_2024"]
[SourceDate "2024.04.10"]
[SourceVersion "1"]
[SourceVersionDate "2024.04.10"]
[SourceQuality "1"]

1. e4 c5 2. d4 cxd4 3. c3 Nf6 4. e5 Nd5 5. cxd4 d6 6. Nf3 Nc6 7. Bc4 dxe5 8. dxe5 Ndb4 9. Qxd8+ Nxd8 10. Na3 a6 11. 0-0 Bg4 12. Nd4 e6 13. Be3 Ndc6 14. Nxc6 Nxc6 15. f4 Bf5 16. Bb3 Be7 17. Nc4 0-0 18. Bb6 Nb4 19. Nd6 Bg6 20. Rac1 Bd8 21. Bxd8 Raxd8 22. Rc7 b5 23. g4 Bd3 24. Rfc1 Nd5 25. Bxd5 exd5 26. Ra7 f6 27. Rcc7 fxe5 28. Rxg7+ Kh8 29. f5 Rf6 30. Rxh7+ Kg8 31. Rag7+ Kf8 32. Rc7 Kg8 33. Nb7 Re8 34. Nc5 Bb1 35. Rcg7+ 1-0

[Event "Vecindario Montalvo Memorial 16th"]
[Site "Vecindario"]
[Date "2024.03.24"]
[Round "2"]
[White "Lizzul, Coppe Mirko"]
[Black "Strikovic, Aleksa"]
[Result "0-1"]
[WhiteElo "2027"]
[BlackElo "2430"]
[PlyCount "102"]
[EventDate "2024.03.23"]
[EventType "swiss"]
[EventRounds "9"]
[EventCountry "ESP"]
[SourceTitle "CB15_2024"]
[SourceDate "2024.04.10"]
[SourceVersion "1"]
[SourceVersionDate "2024.04.10"]
[SourceQuality "1"]

1. e4 c5 2. Nf3 a6 3. c3 Nf6 4. e5 Nd5 5. d4 cxd4 6. cxd4 Nc6 7. Bc4 Nb6 8. Bxf7+ Kxf7 9. Ng5+ Kg8 10. Qf3 Qe8 11. Qb3+ e6 12. Qxb6 Nb4 13. Na3 h6 14. Nf3 Nd5 15. Qb3 b5 16. 0-0 Bb7 17. Bd2 Be7 18. Nc2 Qg6 19. Nfe1 Rf8 20. Qg3 Qh5 21. f4 Bh4 22. Qf3 Qg6 23. Qd3 Rf5 24. Nf3 Be7 25. Kf2 Kh7 26. g3 Qh5 27. h4 Rhf8 28. Rg1 Qg4 29. Nh2 Qh3 30. Nf3 Kg8 31. Nce1 Qg4 32. Ng2 d6 33. Nh2 Qh3 34. Nf3 dxe5 35. Nxe5 Rxe5 36. dxe5 Bc5+ 37. Be3 Nxe3 38. Nxe3 Qh2+ 39. Kf1 Qxb2 40. Rd1 Qxe5 41. Ke2 Qh5+ 42. Kd2 Rc8 43. Nc2 Bxg1 44. Rxg1 Qc5 45. Re1 Bd5 46. a3 a5 47. Re5 b4 48. axb4 axb4 49. f5 b3 50. Ne3 Qc1+ 51. Ke2 Qb2+ 0-1

[Event "Vecindario Montalvo Memorial 16th"]
[Site "Vecindario"]
[Date "2024.03.23"]
[Round "1"]
[White "Richter, Anastasia"]
[Black "Lizzul, Coppe Mirko"]
[Result "0-1"]
[WhiteElo "1614"]
[BlackElo "2027"]
[PlyCount "82"]
[EventDate "2024.03.23"]
[EventType "swiss"]
[EventRounds "9"]
[EventCountry "ESP"]
[SourceTitle "CB15_2024"]
[SourceDate "2024.04.10"]
[SourceVersion "1"]
[SourceVersionDate "2024.04.10"]
[SourceQuality "1"]

1. e4 c5 2. Nf3 d6 3. d4 cxd4 4. Qxd4 Nf6 5. Nc3 a6 6. Bg5 Nc6 7. Qd3 Bd7 8. 0-0-0 Rc8 9. Kb1 b5 10. Nd5 e6 11. e5 exd5 12. exf6 gxf6 13. Bh4 Be6 14. a3 Ne5 15. Qe3 Be7 16. Nd4 Qd7 17. Re1 f5 18. Bxe7 Qxe7 19. a4 0-0 20. Qg3+ Kh8 21. f4 Nc4 22. Qc3 Qf6 23. Nxe6 Qxc3 24. bxc3 fxe6 25. Rxe6 bxa4 26. Bxc4 Rxc4 27. Rxd6 Rb8+ 28. Ka2 Rxc3 29. Rc1 d4 30. Rxd4 a3 31. Ra4 Rb2+ 32. Ka1 Rcxc2 33. Rxc2 Rxc2 34. Rxa3 Rxg2 35. Ra2 Rg1+ 36. Kb2 Rg2+ 37. Kb3 Rxa2 38. Kxa2 Kg7 39. Kb3 Kh6 40. Kc4 Kh5 41. Kd5 a5 0-1

[Event "Torino op 53rd"]
[Site "Torino"]
[Date "2024.01.05"]
[Round "5"]
[White "Cappelletto, Joshuaede"]
[Black "Lizzul, Coppe Mirko"]
[Result "1/2-1/2"]
[WhiteElo "2320"]
[BlackElo "2050"]
[PlyCount "74"]
[EventDate "2024.01.02"]
[EventType "swiss"]
[EventRounds "9"]
[EventCountry "ITA"]
[SourceTitle "CB02_2024"]
[SourceDate "2024.01.10"]
[SourceVersion "1"]
[SourceVersionDate "2024.01.10"]
[SourceQuality "1"]

1. e4 c5 2. Nf3 d6 3. d4 cxd4 4. Nxd4 Nf6 5. Nc3 a6 6. h4 e5 7. Nb3 Be6 8. f4 exf4 9. Bxf4 Nc6 10. Qd2 Ne5 11. 0-0-0 Rc8 12. Kb1 b5 13. a3 Be7 14. Nd4 Qb6 15. Nd5 Nxd5 16. exd5 Bd7 17. Qe3 Qc7 18. Bd3 0-0 19. Nf3 Nxd3 20. Qxd3 Qc4 21. Bg3 Qxd3 22. Rxd3 Rfe8 23. Bf4 Bf5 24. Rd2 Rc4 25. Bg3 Rec8 26. Nd4 Bg6 27. Re1 Bf6 28. Nc6 h5 29. Bxd6 Bxh4 30. g3 Bg5 31. Bf4 Bf6 32. b3 Rc5 33. Bd6 R5xc6 34. dxc6 Bc3 35. Red1 Bxd2 36. Rxd2 Rxc6 37. Bf4 Bf5 1/2-1/2

[Event "Torino op 53rd"]
[Site "Torino"]
[Date "2024.01.04"]
[Round "4"]
[White "Lizzul, Coppe Mirko"]
[Black "Centamore, Alberto"]
[Result "1/2-1/2"]
[WhiteElo "2050"]
[BlackElo "2127"]
[PlyCount "34"]
[EventDate "2024.01.02"]
[EventType "swiss"]
[EventRounds "9"]
[EventCountry "ITA"]
[SourceTitle "CB02_2024"]
[SourceDate "2024.01.10"]
[SourceVersion "1"]
[SourceVersionDate "2024.01.10"]
[SourceQuality "1"]

1. e4 c5 2. Nf3 Nc6 3. d4 cxd4 4. Nxd4 g6 5. Nc3 Bg7 6. Be3 Nf6 7. Bc4 0-0 8. Bb3 d5 9. Nxc6 bxc6 10. exd5 cxd5 11. Nxd5 Nxd5 12. Qxd5 Bxb2 13. Rd1 Ba6 14. Qxd8 Rfxd8 15. Rxd8+ Rxd8 16. f3 Rd7 17. Kf2 Bb5 1/2-1/2

[Event "Olbia CIG U16 24th"]
[Site "Olbia"]
[Date "2016.06.27"]
[Round "3"]
[White "Zenari, Marco"]
[Black "Lizzul, Coppe Mirko"]
[Result "1/2-1/2"]
[WhiteElo "2017"]
[BlackElo "1857"]
[PlyCount "43"]
[EventDate "2016.06.26"]
[EventType "swiss"]
[EventRounds "9"]
[EventCountry "ITA"]
[SourceTitle "EXT 2024"]
[Source "ChessBase"]
[SourceDate "2023.10.10"]
[SourceVersion "1"]
[SourceVersionDate "2023.10.10"]
[SourceQuality "1"]

1. e4 c5 2. Nf3 d6 3. d4 cxd4 4. Nxd4 Nf6 5. Nc3 a6 6. Bc4 e6 7. Bb3 b5 8. 0-0 Bb7 9. Re1 Nbd7 10. f3 Nc5 11. Be3 Be7 12. Nce2 Nxb3 13. Nxb3 0-0 14. a4 d5 15. exd5 Nxd5 16. Bf2 b4 17. a5 Rc8 18. Ned4 Qc7 19. Bg3 Bd6 20. Bxd6 Qxd6 21. Qe2 Rfe8 22. Rad1 1/2-1/2